The Black List (Record no. 575390)

MARC details
000 -LEADER
fixed length control field 00696nam a2200169Ia 4500
008 - FIXED-LENGTH DATA ELEMENTS--GENERAL INFORMATION
fixed length control field 250710s9999 xx 000 0 und d
020 ## - INTERNATIONAL STANDARD BOOK NUMBER
ISBN 9781416594192
082 ## - DEWEY DECIMAL CLASSIFICATION NUMBER
Classification number 920.009296
Item number GRE
100 ## - MAIN ENTRY--AUTHOR NAME
Personal name Greenfield-Sanders, Timothy
245 #4 - TITLE STATEMENT
Title The Black List
260 ## - PUBLICATION, DISTRIBUTION, ETC. (IMPRINT)
Name of publisher Atria
Year of publication 2008
300 ## - PHYSICAL DESCRIPTION
Number of Pages 216 pages
500 ## - GENERAL NOTE
General note In "The Black List," 22 prominent African Americans offer their own stories and insights on the struggles, triumphs, and joys of black life in America. This book was created in conjunction with the film of the same name, which will air on HBO in fall 2008. 20 full-color photographs.
650 ## - SUBJECT ADDED ENTRY--TOPICAL TERM
Topical Term Biography & Autobiography
942 ## - ADDED ENTRY ELEMENTS (KOHA)
Koha item type English Books
Holdings
Withdrawn status Lost status Damaged status Not for loan Home library Current library Shelving location Date acquired Full call number Accession Number Price effective from Koha item type
        Anna Centenary Library Anna Centenary Library 7TH FLOOR, B WING 10.07.2025 920.009296 GRE 458104 10.07.2025 English Books

Find us on the map